| Поле | Инд. | ПП | Название | Значение |
|---|---|---|---|---|
| Тип записи | a | |||
| Библиографический уровень | m | |||
| 001 | Контрольный номер | ea781271-394b-460b-b817-bd64c0ae0530 | ||
| 005 | Дата корректировки | 20140227050915.9 | ||
| 008 | Кодируемые данные | 060607s1981 rur a 000u 0rus d | ||
| 017 | a | Номер государственной регистрации | 81-53587 | |
| 2 | Источник номера | ЛГР | ||
| 020 | a | ISBN | В пер. | |
| c | Цена, тираж | 2.20 | ||
| 040 | a | Служба первич. каталог. | RuMoRKP | |
| 041 | a | Код языка текста | rus | |
| 080 | a | Индекс УДК | 514.154 | |
| 084 | a | Индекс другой классификации/Индекс ББК | В151.6 | |
| 090 | x | Авторский знак | Г46 | |
| a | Полочн. индекс | В151.6 | ||
| 100 | a | Автор | Гийемин Виктор | |
| 245 | a | Заглавие | Геометрические асимптотики | |
| c | Ответственность | В. Гийемин, С. Стернберг ; пер. с англ. С. Г. Гиндикина | ||
| 260 | a | Место издания | Москва | |
| c | Дата издания | 1981 | ||
| b | Издательство | Мир | ||
| 300 | a | Объем | 500 с. | |
| b | Иллюстрации/ тип воспроизводства | ил. | ||
| c | Размеры | 22 см. | ||
| 500 | a | Примечание | Перевод изд.: Geometric asУmptotics/ BУ Victor Guillemin, Shlomo Sternberg (Providence, 1977) | |
| 500 | a | Примечание | Документ создан на книгу, но есть еще "Электронный ресурс". - Извлечено из: Дифференциальная геометрия и топология. - М., 2004. - (Электронная библиотека) | |
| 504 | a | Библиография | Библиогр. в конце гл. - Указ. имен, предм.: с. 492-498. | |
| 650 | a | Основная рубрика | Дифференциальная геометрия | |
| x | Основная подрубрика | Асимптотические методы | ||
| 653 | a | Ключевые слова | Аффинная, проективная и начертательная геометрия | |
| 700 | 1_ | a | Другие авторы | Стернберг Соломон |
| 700 | 1_ | a | Другие авторы | Гиндикин С. Г. |
| e | Роль лиц | пер. | ||
| 852 | t | Порядковый номер экземпляра | 2 | |
| p | Инвентарный номер | 490863 | ||
| p | Инвентарный номер | 490864 | ||
| 863 | t | 00070472 | ||
| 863 | t | 00070471 | ||
| 920 | a | Оператор | Густ | |
| 999 | a | Подразделение 2 | Фил3 |